[Event "It (open)"]
[Site "masterchessopen.com Kiel (Germany)"]
[Date "2004.07.24"]
[Round "1"]
[White "Petrosian Suren (ARM)"]
[Black "Schwerdtfeger Wolfgang (GER)"]
[Result "1-0"]
[WhiteElo "2393"]
[BlackElo "1887"]

1.e4 c5 2.Nf3 e6 3.d4 cxd4 4.Nxd4 Nf6 5.Nc3 Nc6 6.Bg5 d6 7.Qd2 h6 8.Bxf6 gxf6
9.O-O-O a6 10.Be2 Bd7 11.Bh5 Nxd4 12.Qxd4 Rc8 13.f4 Rg8 14.Rd2 Be7 15.f5 Qa5
16.Kb1 Kf8 17.fxe6 fxe6 18.e5 d5 19.exf6 Bb4 20.h4 Bxc3 21.Qf4 {#r} 1-0

[Event "It (cat.5) (young masters)"]
[Site "masterchessopen.com Hengelo (Netherlands)"]
[Date "2004.08.11"]
[Round "5"]
[White "Papa Severin (SUI)"]
[Black "Bitalzadeh Ali (NED)"]
[Result "1-0"]
[WhiteElo "2411"]
[BlackElo "2289"]

1.e4 c5 2.Nf3 d6 3.d4 cxd4 4.Nxd4 Nf6 5.Nc3 Nc6 6.Bg5 e6 7.Qd2 Be7 8.O-O-O
Nxd4 9.Qxd4 O-O 10.f3 a6 11.h4 b5 12.Kb1 Qc7 13.Qd2 b4 14.Ne2 Qa5 15.g4 Rd8
16.Ng3 Ra7 17.Be3 Rc7 18.g5 Nd7 19.h5 Nf8 20.Bd3 Bb7 21.Qf2 Rcd7 22.g6 Rc8
23.gxf7+ Kxf7 24.h6 g6 25.Bb6 Qg5 26.f4 Qf6 27.f5 exf5 28.Bd4 Qg5 29.Nxf5 Bf6
30.Be3 Qg4 31.Rdg1 {#r} 1-0

[Event "It (open)"]
[Site "masterchessopen.com Castelldefels (Spain)"]
[Date "2004.08.19"]
[Round "2"]
[White "Vera Pons Felipe (ESP)"]
[Black "Castell Pagan Raul (ESP)"]
[Result "1-0"]
[WhiteElo "2155"]
[BlackElo "1943"]

1.e4 c5 2.Nf3 Nc6 3.d4 cxd4 4.Nxd4 Nf6 5.Nc3 d6 6.Bg5 e6 7.Qd2 Be7 8.O-O-O O-O
9.f3 Nxd4 10.Qxd4 a6 11.h4 b5 12.g4 Bb7 13.Be3 Rc8 14.Bh3 Qa5 15.Kb1 Rc4
16.Qd2 b4 17.Ne2 Nxe4 18.fxe4 Bxe4 19.Nd4 Bxh1 20.Rxh1 d5 21.Bf1 Rc7 22.Nb3
Qa4 23.g5 Qd7 24.h5 f5 25.gxf6 Rxf6 26.Bh3 Qd6 27.Nd4 Kf7 28.Bg5 Rf5 {#r} 1-0

[Event "It (open)"]
[Site "masterchessopen.com Lausanne (Switzerland)"]
[Date "2004.09.20"]
[Round "7"]
[White "Cornette Matthieu (FRA)"]
[Black "Wells Peter K (ENG)"]
[Result "0-1"]
[WhiteElo "2373"]
[BlackElo "2504"]

1.e4 c5 2.Nf3 Nc6 3.d4 cxd4 4.Nxd4 Nf6 5.Nc3 d6 6.Bg5 e6 7.Qd2 Be7 8.O-O-O O-O
9.f3 Nxd4 10.Qxd4 a6 11.h4 Qc7 12.g4 Rd8 13.Be3 d5 14.Qb6 Qc6 15.Qa5 b5 16.g5
Nh5 17.Bh3 Bb7 18.exd5 exd5 19.Bg4 g6 20.Ne2 Ng7 21.Qd2 Bc8 22.Nd4 Qc7 23.h5
Bxg4 24.fxg4 Rac8 25.hxg6 fxg6 26.Qg2 Bc5 27.Kb1 Qd7 28.Qh3 Ne6 29.Nxe6 Bxe3
30.Nxd8 Bxg5 31.Ne6 Qxe6 {#R} 0-1

[Event "Memorial M.Chigorin (open)"]
[Site "masterchessopen.com St. Petersburg (Russia)"]
[Date "2004.10.23"]
[Round "8"]
[White "Inarkiev Ernesto (RUS)"]
[Black "Ivanov Alexey Jr (RUS)"]
[Result "1-0"]
[WhiteElo "2604"]
[BlackElo "2281"]

1.e4 c5 2.Nf3 d6 3.d4 cxd4 4.Nxd4 Nf6 5.Nc3 Nc6 6.Bg5 e6 7.Qd2 Be7 8.O-O-O
Nxd4 9.Qxd4 a6 10.f3 b5 11.Kb1 Qc7 12.h4 Bb7 13.Qd2 O-O-O 14.a4 bxa4 15.Nxa4
Kb8 16.Qb4 d5 17.Qb3 Ka8 18.Nb6+ Ka7 19.Be3 Bc5 20.Bxc5 Qxc5 21.Na4 Qc6 22.e5
Nd7 23.h5 Nc5 24.Qe3 Qxa4 25.Qxc5+ Ka8 26.Rd4 Qd7 27.Qa3 Ka7 28.Rhh4 Rc8
29.Qe3 Ka8 30.Ra4 Qc6 31.Qb3 Rb8 32.Rhb4 {#r} 1-0

[Event "Ch Slovenia (team)"]
[Site "masterchessopen.com Celje (Slovenia)"]
[Date "2004.12.05"]
[Round "9"]
[White "Naiditsch Arkadij (GER)"]
[Black "Polajzer Danilo (SLO)"]
[Result "1-0"]
[WhiteElo "2611"]
[BlackElo "2382"]

1.e4 c5 2.Nf3 Nc6 3.d4 cxd4 4.Nxd4 Nf6 5.Nc3 d6 6.Bg5 e6 7.Qd2 Be7 8.O-O-O O-O
9.f3 a6 10.h4 Nxd4 11.Qxd4 b5 12.Kb1 Rb8 13.Qd2 b4 14.Ne2 a5 15.Nd4 Bd7 16.g4
a4 17.Be3 Ne8 18.g5 Nc7 19.f4 Kh8 20.h5 f5 21.exf5 e5 22.h6 {#r} 1-0

[Event "Ch Asia (juniors)"]
[Site "masterchessopen.com Bikaner (India)"]
[Date "2004.12.23"]
[Round "2"]
[White "Rohit G (IND)"]
[Black "Gupta Abhijeet (IND)"]
[Result "0-1"]
[WhiteElo "2281"]
[BlackElo "2412"]

1.e4 c5 2.Nf3 d6 3.d4 cxd4 4.Nxd4 Nf6 5.Nc3 Nc6 6.Bg5 e6 7.Qd2 Be7 8.O-O-O
Nxd4 9.Qxd4 O-O 10.f3 a6 11.h4 Qc7 12.g4 Rd8 13.h5 b5 14.a3 Bb7 15.h6 Qc5
16.Qd2 g6 17.Be3 Qc7 18.g5 Ne8 19.Bf4 Rac8 20.Kb1 Bc6 21.Qe1 Qb7 22.Bd2 a5
23.Na2 b4 24.axb4 axb4 25.Nxb4 Ra8 26.Nxc6 Qxc6 27.c3 Qa4 28.Bc1 Rdb8 29.Rd4
Qa1+ 30.Kc2 Rxb2+ 31.Kd3 Bxg5 {#R} 0-1

[Event "Zt"]
[Site "masterchessopen.com Auckland (New Zealand)"]
[Date "2005.01.30"]
[Round "1"]
[White "Stone Andrew (ENG)"]
[Black "Charles Gareth (AUS)"]
[Result "0-1"]
[WhiteElo "2231"]
[BlackElo "2196"]

1.e4 c5 2.Nc3 Nc6 3.Nf3 d6 4.d4 cxd4 5.Nxd4 Nf6 6.Bg5 e6 7.Qd2 Be7 8.O-O-O
Nxd4 9.Qxd4 O-O 10.e5 dxe5 11.Qxe5 Bd7 12.Bb5 Ng4 13.Qg3 Bxg5+ 14.Kb1 Qb6
15.Bxd7 Bf6 16.Rd6 Qb4 17.a3 Qc4 18.Bb5 Qc5 19.Bd3 Bxc3 20.bxc3 Nxf2 21.Rf1
Nxd3 22.Qxd3 Qxa3 23.Rd7 Rac8 24.Rf3 Rc6 25.Qf1 Rb6+ {#R} 0-1

[Event "It (open) \"]
[Site "masterchessopen.com Moscow (Russia)"]
[Date "2005.02.15"]
[Round "1"]
[White "Shabalov Alexander (USA)"]
[Black "Lugovoi Aleksei (RUS)"]
[Result "0-1"]
[WhiteElo "2581"]
[BlackElo "2547"]

{ Shabalov Alexander (USA) +1 =1 -0 Lugovoi Aleksei (RUS) +3 =2 -2 } 1.e4 c5
2.Nf3 d6 3.d4 cxd4 4.Nxd4 Nf6 5.Nc3 Nc6 6.Bg5 e6 7.Qd2 Be7 8.O-O-O O-O (
8...Nxd4 9.Qxd4 a6 10.f4 b5 11.Bxf6 gxf6 12.e5 d5 13.Kb1 Bd7 14.Qe3 f5 15.Qh3
h5 16.Ne2 Qb6 17.Nd4 O-O-O 18.Qd3 Kb7 19.Be2 Ka7 20.g3 Rc8 21.Rhf1 Bc5 22.Nb3
Be7 23.c3 Rc7 24.a3 a5 25.Rc1 Rc4 26.Nd2 Rc7 27.b4 f6 28.Nf3 { ...1/2-1/2,
Mrdja Milan 2430 - Lugovoi Aleksei 2525 , Bozen 1998 It (open) } ) 9.f3 (
9.Nb3 Qb6 10.f3 Rd8 11.Nb5 Rd7 12.Qe1 a5 13.a4 Nb4 14.Kb1 e5 15.c3 Na6 16.Bc4
Nc7 17.Be3 Qc6 18.Qe2 d5 19.Nxc7 Rxc7 20.Bb5 Qe6 21.Qd3 dxe4 22.Qd8+ Bxd8
23.Rxd8+ Ne8 24.Nc5 Qe7 25.Rxe8+ Qxe8 26.Bxe8 exf3 27.Bb5 fxg2 28.Rg1 Bf5+ {
...1-0, Shabalov Alexander 2613 - Fishbein Alexander 2489 , Seattle 2002 Ch
USA } ) 9...a6 10.h4 ( 10.Nb3 b5 11.h4 b4 12.Na4 Rb8 13.Qf2 Qc7 14.Be3 Nd7
15.Kb1 Nce5 16.Nd2 Bb7 17.b3 Bc6 18.Nb2 Bb5 19.Be2 Rfc8 20.Rc1 Bxe2 21.Qxe2
Qb7 22.f4 Nc6 23.g4 Na7 24.Bxa7 Qxa7 25.Ndc4 Nc5 26.Rcd1 Qa8 27.Rhe1 Rd8 28.g5
Bf8 29.Nd3 Nxe4 { ...1-0, Bauer Christian 2490 - Nezar Mustapha 2275 , Metz
1998 It (open) } ) 10...Nxd4 11.Qxd4 b5 ( 11...Qa5 12.Kb1 b5 13.g4 b4 14.Ne2
e5 15.Qd3 Be6 16.Nc1 Rfc8 17.Bxf6 Bxf6 18.g5 Be7 19.Bh3 Bc4 20.Qe3 Rc7 21.h5
Qc5 22.Qxc5 { 1/2-1/2, Lutz Christopher 2596 - Breder Dennis 2454 , Germany
2003 Bundesliga 2002/03 } ) ( 11...Qc7 12.Kb1 b5 13.Qd2 b4 14.Ne2 Rb8 15.g4 a5
16.Nd4 a4 17.Bd3 e5 18.Nf5 Bxf5 19.gxf5 a3 20.b3 d5 21.Rhg1 Kh8 22.h5 Rfd8
23.h6 g6 24.Qe1 Rb6 25.Rg2 gxf5 26.exf5 e4 27.fxe4 Qe5 28.Bc1 dxe4 29.Bc4 Rxd1
30.Qxd1 e3 31.Qg1 { ...0-1, Benjamin Joel 2577 - Gulko Boris F 2643 , Seattle
2000 Ch USA } ) 12.Kb1 Qc7 { ? = } ( 12...Qa5 13.Qd2 b4 14.Ne2 e5 15.c4 Be6
16.Ng3 Rfd8 17.Bd3 Rac8 18.Rc1 h6 19.Bxf6 Bxf6 20.Nh5 Be7 21.g4 Kh8 22.Ng3 Rc6
23.g5 Rdc8 24.Nf5 Bf8 25.gxh6 g6 26.Rhg1 Qd8 27.h5 gxf5 28.exf5 Bxc4 29.Bxc4
Rxc4 30.f6 Qxf6 31.Qg2 Rxc1+ 32.Rxc1 { ...0-1, Sax Gyula 2560 - Shengelia
Davit 2482 , Diezisau 2003 It (open) } ) 13.Qd2 ( 13.Bxf6 gxf6 14.g4 Rd8 {
-0.11 CAP } ) 13...Rd8 ( 13...b4 14.Ne2 Rb8 15.g4 a5 16.Nd4 a4 17.Bd3 e5
18.Nf5 Bxf5 19.gxf5 a3 20.b3 d5 21.Rhg1 Kh8 22.h5 Rfd8 23.h6 g6 24.Qe1 Rb6
25.Rg2 gxf5 26.exf5 e4 27.fxe4 Qe5 28.Bc1 dxe4 29.Bc4 Rxd1 30.Qxd1 e3 31.Qg1
Rb8 32.Bxe3 Qb2# { 0-1, Benjamin Joel 2577 - Gulko Boris F 2643 , Seattle 2000
Ch USA } ) ( 13...Bb7 14.Bd3 Rfd8 15.g4 b4 16.Ne2 a5 17.Nd4 a4 18.Nb5 Qb6
19.h5 d5 { 1/2-1/2, Sax Gyula 2593 - Smirin Ilia 2698 , Pula 2001 Ch Croatia
(team) (1st league) } ) ( 13...Rb8 14.Bd3 Rd8 15.g4 b4 16.Ne2 a5 17.Nd4 a4
18.Nb5 Qa5 19.a3 Rxb5 20.Bxb5 Qxb5 21.Qxb4 Qe8 22.Bxf6 gxf6 23.g5 d5 24.Qc3
fxg5 25.hxg5 dxe4 26.Rdg1 e5 27.fxe4 Rd4 28.Qf3 Qf8 29.Rxh7 Kxh7 30.Qh5+ Kg7
31.Rh1 Rd1+ 32.Rxd1 Kg8 33.g6 { ...1-0, Zhang Pengxiang 2557 - Kotronias
Vasilios 2573 , Linares 2002 It (open) } ) 14.Bd3 ( 14.Ne2 Rb8 15.g4 b4 16.Nd4
a5 17.Be3 e5 18.Nb5 Qb7 19.c4 bxc3 20.Nxc3 Be6 21.g5 Nh5 22.Bh3 Rdc8 23.Nd5
Bd8 24.Rh2 Rc4 25.Qd3 Rbc8 26.Qa3 Qc6 27.Nc3 Qb7 28.Qxd6 Bc7 29.Qa3 Bxh3
30.Rxh3 Bb6 31.Nd5 Bxe3 32.Nxe3 R4c7 33.Nd5 Rc5 { ...1-0, Castellanos Renier
2449 - Alonso Salvador 2467 , Mislata 2003 It (open) } ) 14...b4 ( 14...Bb7
15.g4 b4 16.Ne2 a5 17.Nd4 a4 18.Nb5 Qb6 19.h5 d5 { 1/2-1/2, Sax Gyula 2593 -
Smirin Ilia 2698 , Pula 2001 Ch Croatia (team) (1st league) } ) 15.Ne2 a5
16.g4 { N } ( 16.Nd4 e5 17.Nb5 Qb6 18.c4 bxc3 19.Qxc3 Bb7 20.Rhe1 d5 21.Qc7
Qxc7 22.Nxc7 Rac8 23.Bxf6 Bxf6 24.Nxd5 Bxh4 25.Rh1 Bg5 26.Bc2 g6 27.Nb6 Rc7
28.Rxd8+ Bxd8 29.Rd1 Bg5 30.Rd7 Rxd7 31.Nxd7 f6 32.Nc5 Bc8 33.Bb3+ Kf8 34.Be6
Be3 35.Bxc8 Bxc5 { ...1/2-1/2, Iordachescu Viorel 2632 - Wells Peter K 2504 ,
Port Erin 2003 It (open) } ) 16...e5 17.Ng3 Be6 { ?! } ( 17...a4 { !? }
18.Qxb4 d5 19.Qe1 Rb8 { } ) 18.Nf5 d5 19.Qh2 { ?! } ( 19.Nxe7+ { !? }
19...Qxe7 20.Qe2 h6 { } ) 19...Bxf5 20.exf5 a4 21.Bc1 { ?! } ( 21.Rhe1 { !? }
21...Bd6 22.Qg2 a3 23.Bxf6 { } ) 21...Bd6 22.Qd2 e4 23.g5 exd3 24.gxf6 dxc2+
25.Qxc2 Qxc2+ 26.Kxc2 Be5 27.fxg7 b3+ 28.Kb1 { ?! } ( 28.axb3 { !? }
28...Rdc8+ 29.Kb1 axb3 30.Rxd5 { } ) 28...Kxg7 29.Rd3 { ?! } ( 29.Rhe1 { !? }
29...Bf6 30.Rg1+ Kh8 31.Bg5 { } ) 29...Rab8 30.Rg1+ Kf8 31.Rg4 bxa2+ 32.Kxa2
Rdc8 33.Kb1 { ?! } ( 33.Bh6+ { !? } 33...Ke7 34.Rxd5 Rxb2+ 35.Ka3 { } )
33...a3 { -0.89 CAP } 0-1

[Event "It (open)"]
[Site "masterchessopen.com Cappelle la Grande (France)"]
[Date "2005.02.17"]
[Round "7"]
[White "Delchev Aleksander (BUL)"]
[Black "Shengelia Davit (AUT)"]
[Result "0-1"]
[WhiteElo "2669"]
[BlackElo "2547"]

{ Delchev Aleksander (BUL) +4 =0 -0 Shengelia Davit (GEO) +4 =4 -0 } 1.e4 c5
2.Nf3 d6 3.d4 cxd4 4.Nxd4 Nf6 5.Nc3 Nc6 6.Bg5 e6 7.Qd2 Be7 8.O-O-O Nxd4 9.Qxd4
a6 10.f4 O-O { ? ± } ( 10...b5 11.Bxf6 gxf6 12.e5 d5 13.Kb1 Bb7 14.f5 fxe5
15.Qxe5 Bf6 16.Qg3 Qe7 17.fxe6 fxe6 18.Be2 O-O-O 19.Bg4 h5 20.Bh3 h4 21.Qf4
Bg7 22.Rhe1 Rh6 23.a3 Rg6 24.Bxe6+ Rxe6 25.Qg4 Rd6 26.Rxe6 Qxe6 27.Qxg7 Qf6
28.Qg4+ Kb8 29.Rd4 Re6 30.Qxh4 { ...1-0, Kasparov Garry 2815 - Ivanchuk
Vassily 2730 , Frankfurt 1998 It (cat.22) (active) } ) 11.Kb1 ( 11.Be2 Qa5 (
11...Qc7 12.e5 dxe5 13.fxe5 Bc5 14.Qf4 Nd5 15.Nxd5 { +0.60 CAP } ) 12.Kb1 h6
13.Bh4 e5 14.Qf2 exf4 15.Nd5 Nxd5 16.Rxd5 Bxh4 17.Qxh4 b5 18.Qxf4 Be6 19.Qd2
Qa4 20.b3 Qxe4 21.Bf3 Qh7 22.Rxd6 Rac8 23.g4 a5 24.Re1 a4 25.Be4 Qh8 26.Rxe6
fxe6 27.Qd7 Rce8 28.Bg6 { 1-0, Ljubojevic Ljubomir 2615 - Taylor Timothy 2291
, New York 1984 It (open) } ) 11...Qa5 ( 11...b5 12.Bxf6 Bxf6 13.e5 dxe5
14.Qe4 Qb6 15.Qxa8 Bb7 16.Rd6 Qxd6 17.Qxb7 b4 18.Ne2 exf4 19.Nc1 Qe5 20.Nd3
Rd8 21.Qxb4 Qe3 22.a3 f3 23.gxf3 Qxf3 24.Rg1 Qd1+ 25.Ka2 Bd4 26.Rg5 Qxf1
27.Ra5 Bf6 28.Rxa6 Qg2 29.Qb3 Qxh2 30.a4 h5 31.a5 { ...0-1, Montheard Xavier
2247 - Shengelia Davit 2482 , Cappelle la Grande 13. 2.2005 It (open) } )
12.Qd2 ( 12.Be2 h6 13.Bh4 e5 14.Qf2 exf4 15.Nd5 Nxd5 16.Rxd5 Bxh4 17.Qxh4 b5
18.Qxf4 Be6 19.Qd2 Qa4 20.b3 Qxe4 21.Bf3 Qh7 22.Rxd6 Rac8 23.g4 a5 24.Re1 a4
25.Be4 Qh8 26.Rxe6 fxe6 27.Qd7 Rce8 28.Bg6 { 1-0, Ljubojevic Ljubomir 2615 -
Taylor Timothy 2291 , New York 1984 It (open) } ) ( 12.Bc4 b5 13.Bb3 b4 14.Ne2
e5 15.Qd3 Bd7 16.Ng3 Rfe8 17.Bxf6 Bb5 18.Bxf7+ Kxf7 19.Qd5+ Kxf6 20.fxe5+ {
1-0, Kobalia Mikhail 2430 - Ivashko Sergey 2215 , Moscow 1995 Ch Moscow (open)
} ) 12...b6 ( 12...Qc7 13.Bd3 b5 14.Qe1 Bb7 15.e5 dxe5 16.fxe5 Nh5 17.Qh4 Bxg5
18.Qxg5 g6 19.g4 Bxh1 20.gxh5 b4 21.Be4 bxc3 22.Bxa8 Bxa8 23.b3 Qc5 24.Qg3 Rc8
25.Rd3 Be4 26.Re3 Qd4 27.Qe1 Bf5 { 0-1, Brustman Agnieszka 2380 - Enders Peter
2485 , Passau 1998 It (open) } ) 13.Qe1 { +0.22 CAP } 13...Ra7 { N } ( 13...h6
14.Bxf6 Bxf6 15.Rxd6 Qb4 16.Rd3 Bb7 17.e5 Bd8 18.Qd2 b5 19.Be2 Bb6 20.a3 Qc5
21.Bf3 Bxf3 22.Rxf3 Rad8 23.Qe2 Rd4 24.Ne4 Qe7 25.Rg3 Qc7 26.Nf6+ Kh8 27.Qg4
g6 28.Qh4 Kg7 29.Qxh6+ { 1-0, Al-Modiahki Mohamad 2577 - Mateo Raul, Andorra
2003 It (open) } ) 14.h4 Rc7 15.Rh3 Bb7 16.Bxf6 { ?! } ( 16.Rg3 { !? }
16...Kh8 17.e5 dxe5 18.fxe5 { } ) 16...Bxf6 17.Rxd6 Rfc8 { ?! } ( 17...b5 { !?
} 18.Rd1 b4 19.e5 Be7 { } ) 18.e5 Be7 19.Rd1 Kf8 20.Rhd3 b5 21.a3 h5 22.g3 g6
23.Rd7 Bxa3 24.bxa3 { ? } ( { ? } 24.Rd8+ Rxd8 25.Rxd8+ Kg7 26.Rd3 { } )
24...Rxd7 25.Rxd7 Rxc3 26.Qd2 Bd5 27.Qd4 Rxa3 28.Be2 Ra4 29.Qc5+ Kg7 30.Rxf7+
Kxf7 31.Qa7+ Ke8 { } {#R} 0-1

[Event "Ch Russia (club) (w)"]
[Site "masterchessopen.com Sochi (Russia)"]
[Round "3"]
[White "Semenova Irina (RUS)"]
[Black "Melnikova Yana (RUS)"]
[Result "0-1"]
[WhiteElo "2216"]
[BlackElo "2302"]

1.e4 c5 2.Nf3 Nc6 3.d4 cxd4 4.Nxd4 Nf6 5.Nc3 d6 6.Bg5 e6 7.Qd2 Qb6 8.Nb3 Be7
9.f3 O-O 10.O-O-O Rd8 11.Nb5 Rd7 12.Qe1 a6 13.Be3 Qd8 14.N5d4 Bf8 15.g4 Nxd4
16.Nxd4 e5 17.Nf5 d5 18.g5 dxe4 19.Rxd7 Nxd7 20.fxe4 Nc5 21.Ng3 Be6 22.b3 a5
23.a4 Rc8 24.Kb1 Nxb3 25.cxb3 Bb4 26.Qe2 Rc3 27.Qc2 Bxb3 28.Qxc3 Bxc3 29.Bb5
Qd6 30.Ne2 Qb4 31.Nxc3 Bxa4+ {#R} 0-1

[Event "It (cat.7)"]
[Site "masterchessopen.com Budapest (Hungary)"]
[Date "2005.04.08"]
[Round "7"]
[White "Fogarasi Tibor (HUN)"]
[Black "Wittmann Walter (AUT)"]
[Result "1-0"]
[WhiteElo "2482"]
[BlackElo "2376"]

1.e4 c5 2.Nf3 Nc6 3.d4 cxd4 4.Nxd4 Nf6 5.Nc3 d6 6.Bg5 e6 7.Qd2 Be7 8.O-O-O
Nxd4 9.Qxd4 O-O 10.f3 Bd7 11.Qd2 Bc6 12.Bd3 Qc7 13.Ne2 Rfd8 14.Nd4 Rac8 15.Kb1
a6 16.h4 b5 17.Nxc6 Qxc6 18.g4 Qb7 19.Qe2 Rb8 20.f4 Ne8 21.e5 Rd7 22.f5 exf5
23.e6 fxe6 24.Qxe6+ Kh8 25.Rhe1 Nf6 26.Qxf5 {#r} 1-0

[Event "It (open)"]
[Site "masterchessopen.com Liechtenstein"]
[Date "2005.04.29"]
[Round "1"]
[White "Wittwer Marcus (SUI)"]
[Black "Van Der Weide Karel (BEL)"]
[Result "0-1"]
[WhiteElo "2036"]
[BlackElo "2464"]

1.e4 c5 2.Nf3 Nc6 3.d4 cxd4 4.Nxd4 Nf6 5.Nc3 d6 6.Bg5 e6 7.Qd2 Be7 8.O-O-O O-O
9.Be2 a6 10.f4 Qc7 11.Qe3 Bd7 12.Rhf1 Rac8 13.Nxc6 Bxc6 14.Bd3 h6 15.Bh4 Ng4
16.Qg3 Bxh4 17.Qxg4 Bf6 18.Rf3 Bxc3 19.bxc3 f5 20.exf5 Bxf3 {#R} 0-1

[Event "Ch Ukraine (1/2 final)"]
[Site "masterchessopen.com Alushta (Ukraine)"]
[Date "2005.05.21"]
[Round "6"]
[White "Nazarevskiy Sergey (UKR)"]
[Black "Muhtarov Leonid (UKR)"]
[Result "0-1"]
[WhiteElo "2105"]
[BlackElo "2116"]

1.e4 c5 2.Nf3 Nc6 3.d4 cxd4 4.Nxd4 Nf6 5.Nc3 d6 6.Bg5 e6 7.Qd2 Be7 8.O-O-O O-O
9.f3 Nxd4 10.Qxd4 Qa5 11.Qd2 a6 12.Kb1 Qc7 13.g4 Rd8 14.h4 b5 15.Bd3 Bb7 16.h5
h6 17.Be3 b4 18.Ne2 d5 19.e5 Nd7 20.Nd4 Nxe5 21.Rdg1 Nc4 22.Qf2 Nxe3 23.Qxe3
e5 24.Nf5 Bc5 {#R} 0-1

[Event "Ch Great Britain"]
[Site "masterchessopen.com Douglas (England)"]
[Date "2005.08.02"]
[Round "2"]
[White "Eggleston Thomas (ENG)"]
[Black "McDonnell James J (IRL)"]
[Result "1-0"]
[WhiteElo "2164"]
[BlackElo "2033"]

1.e4 c5 2.Nf3 Nc6 3.d4 cxd4 4.Nxd4 Nf6 5.Nc3 d6 6.Bg5 e6 7.Qd2 Be7 8.O-O-O O-O
9.Nb3 Qb6 10.f3 Rd8 11.Kb1 a6 12.Be3 Qc7 13.Qf2 Nd7 14.h4 b5 15.g4 Nce5 16.h5
Rb8 17.g5 g6 18.Bd4 Nf8 19.f4 Nc6 20.Bf6 b4 21.Ne2 a5 22.Ned4 Nxd4 23.Nxd4
Bxf6 24.gxf6 Bb7 25.Qe3 Nd7 26.hxg6 Nxf6 27.gxh7+ Kh8 28.Bd3 d5 29.Rdg1 dxe4
30.Qg3 Nh5 31.Rxh5 {#r} 1-0

[Event "It (open)"]
[Site "masterchessopen.com Izmir (Turkey)"]
[Round "4"]
[White "Atakisi Umut (TUR)"]
[Black "Miroshnichenko Evgenij (UKR)"]
[Result "0-1"]
[WhiteElo "2427"]
[BlackElo "2634"]

1.e4 c5 2.Nf3 Nc6 3.d4 cxd4 4.Nxd4 Nf6 5.Nc3 d6 6.Bg5 e6 7.Qd2 Qb6 8.O-O-O a6
9.f3 Qxd4 10.Qxd4 Nxd4 11.Rxd4 Bd7 12.Bc4 Bc6 13.Rhd1 Nd7 14.Bh4 h6 15.Bb3 Ne5
16.f4 g5 17.Bg3 gxf4 18.Bxf4 Rg8 19.R4d2 h5 20.Kb1 Be7 21.Rf1 Bg5 22.g3 Ke7
23.Rdf2 Rg7 24.Bxe5 dxe5 25.Bc4 Be3 26.Re2 Bc5 27.Bd3 h4 28.gxh4 Rh8 29.a3
Rxh4 30.Na2 Rg1 31.Rxg1 Bxg1 32.Nc3 Bxh2 {#R} 0-1

[Event "It (cat.7)"]
[Site "masterchessopen.com Budapest (Hungary)"]
[Date "2005.09.03"]
[Round "1"]
[White "Sakelsek Tadej (SLO)"]
[Black "Paschall William M (USA)"]
[Result "0-1"]
[WhiteElo "2404"]
[BlackElo "2394"]

1.e4 c5 2.Nf3 Nc6 3.d4 cxd4 4.Nxd4 Nf6 5.Nc3 d6 6.Bg5 e6 7.Qd2 Qb6 8.Nb3 Be7
9.O-O-O O-O 10.Be3 Qc7 11.f3 a6 12.g4 b5 13.g5 Nd7 14.Kb1 Nb6 15.Qg2 Na4
16.Ne2 d5 17.exd5 Nb4 18.Nf4 e5 19.Nd3 Nxd5 20.Bd2 Bf5 21.h4 Rac8 22.Rc1 Rfe8
23.Qe2 Ba3 24.Qf2 Qd6 25.Re1 Bxb2 26.Nxb2 Rxc2 {#R} 0-1

[Event "It (open)"]
[Site "masterchessopen.com Graz (Austria)"]
[Date "2005.09.04"]
[Round "2"]
[White "Krieger Hermann (GER)"]
[Black "Danner Georg (AUT)"]
[Result "0-1"]
[WhiteElo "2231"]
[BlackElo "2408"]

1.e4 c5 2.Nf3 d6 3.d4 cxd4 4.Nxd4 Nf6 5.Nc3 Nc6 6.Bg5 e6 7.Qd2 Be7 8.O-O-O
Nxd4 9.Qxd4 O-O 10.f3 Qa5 11.Qd2 a6 12.Kb1 Qc5 13.Be3 Qc7 14.g4 b5 15.Bd3 Bb7
16.Rhg1 Nd7 17.f4 Nc5 18.a3 Rfd8 19.f5 Bf6 20.g5 Be5 21.Bf4 Rac8 22.Bxe5 dxe5
23.g6 hxg6 24.fxg6 Nxe4 25.gxf7+ Qxf7 26.Nxe4 Bxe4 27.Qe3 Bxd3 28.cxd3 Rd5
29.Rdf1 Qc7 30.Rf3 Rcd8 31.Qe4 R5d7 {#R} 0-1

[Event "Ch Switzerland (team) 2005"]
[Site "masterchessopen.com Switzerland"]
[Date "2005.09.04"]
[Round "7"]
[White "Riff Jean-Noel (FRA)"]
[Black "Aranovitch Emiliano (ITA)"]
[Result "1-0"]
[WhiteElo "2434"]
[BlackElo "2288"]

1.e4 c5 2.Nf3 d6 3.d4 cxd4 4.Nxd4 Nf6 5.Nc3 Nc6 6.Bg5 e6 7.Qd2 Be7 8.O-O-O
Nxd4 9.Qxd4 O-O 10.f3 a6 11.h4 b5 12.Kb1 Bb7 13.g4 Rb8 14.Qd2 b4 15.Ne2 a5
16.Nd4 Ba8 17.Be3 Nd7 18.g5 d5 19.h5 dxe4 20.g6 Ne5 21.h6 fxg6 22.hxg7 Rxf3
23.Qh2 h5 24.Qxe5 Rxe3 25.Qxe6+ {#r} 1-0

[Event "It (cat.7)"]
[Site "masterchessopen.com Budapest (Hungary)"]
[Date "2005.09.05"]
[Round "3"]
[White "Fogarasi Tibor (HUN)"]
[Black "Paschall William M (USA)"]
[Result "0-1"]
[WhiteElo "2482"]
[BlackElo "2394"]

1.e4 c5 2.Nf3 d6 3.d4 Nf6 4.Nc3 cxd4 5.Nxd4 Nc6 6.Bg5 e6 7.Qd2 Be7 8.O-O-O O-O
9.f3 Nxd4 10.Qxd4 a6 11.h4 b5 12.Kb1 Qc7 13.Be3 e5 14.Qd2 Be6 15.Nd5 Bxd5
16.exd5 Nd7 17.g4 Nc5 18.g5 f5 19.f4 Rac8 20.Rh2 Rfe8 21.Bh3 g6 22.h5 Bf8
23.h6 Qd7 24.Re2 Ne4 25.Qd3 Rc4 26.Ka1 exf4 27.Bb6 f3 28.Rxe4 Rcxe4 29.Bf2 Qd8
30.Qxf3 Qxg5 31.Qd3 Re2 {#R} 0-1